| 000 | 00420nam a22001697a 4500 | ||
|---|---|---|---|
| 008 | 170321b xxu||||| |||| 00| p tur d | ||
| 020 | _a9750702875 | ||
| 041 | _atur | ||
| 050 | _aPL234.B376 | ||
| 100 |
_9587 _aİbrahim Baştuğ |
||
| 245 |
_aKavis _cİbrahim Baştuğ |
||
| 250 | _a1. baskı | ||
| 260 |
_aİstanbul _bCan Yayınları _c2003 |
||
| 300 | _a81 sayfa | ||
| 650 | 0 |
_9145 _aTürk Edebiyatı |
|
| 942 |
_2lcc _cBK |
||
| 999 |
_c864 _d850 |
||